| 000 | 00446nam a2200169Ia 4500 | ||
|---|---|---|---|
| 008 | 230917s9999||||xx |||||||||||||| ||und|| | ||
| 020 | _cRS695 | ||
| 040 |
_e232046 _aMAIN |
||
| 041 | _aEnglish | ||
| 082 | _a338.4791 S85M | ||
| 100 | _aScott, Noel, ed. | ||
| 245 | 0 | _aMarketing of tourism experiences | |
| 260 |
_aLondon _bRoutledge _c2014 |
||
| 300 | _avi, 277 p. | ||
| 500 | _a2288 11/02/2016 HBD15/1623 13/02/2016 IHTM (SFS) | ||
| 942 | _cBK | ||
| 999 |
_c18266 _d18266 |
||